Business tenancies (Record no. 103495)

MARC details
000 -LEADER
fixed length control field 01369cam a2200241 4500
001 - CONTROL NUMBER
control field J125911
008 - FIXED-LENGTH DATA ELEMENTS--GENERAL INFORMATION
fixed length control field 040422n2004 000 0 eng u
035 ## - SYSTEM CONTROL NUMBER
System control number (Sirsi) u125911
041 ## - LANGUAGE CODE
Language code of text/sound track or separate title eng
050 ## - LIBRARY OF CONGRESS CALL NUMBER
Classification number 346.4104343
-- 18
110 ## - MAIN ENTRY--CORPORATE NAME
Corporate name or jurisdiction name as entry element United Kingdom
Subordinate unit Office of the Deputy Prime Minister
245 ## - TITLE STATEMENT
Title Business tenancies
Remainder of title new procedures under the Landlord and Tenant Act 1954 Part II
Medium [electronic resource]
260 ## - PUBLICATION, DISTRIBUTION, ETC.
Place of publication, distribution, etc. London
Name of publisher, distributor, etc. ODPM
Date of publication, distribution, etc. 2004
520 ## - SUMMARY, ETC.
Summary, etc. Provides detailed guidance for users and their advisers on the new procedures for ending and renewing business tenancies. The Regulatory Reform (Business Tenancies) (England and Wales) Order 2003 has modernised the workings of the Landlord and Tenant Act 1954 Part II, making the renewal and termination of business tenancies quicker, easier, cheaper and fairer. Various appendices, including agreements and sections 40, 26 and 25 notices. View at www.dclg.gov.uk/
650 ## - SUBJECT ADDED ENTRY--TOPICAL TERM
Topical term or geographic name entry element LANDLORD AND TENANT ACT 1954 PART II
650 ## - SUBJECT ADDED ENTRY--TOPICAL TERM
Topical term or geographic name entry element BUSINESS TENANCIES
650 ## - SUBJECT ADDED ENTRY--TOPICAL TERM
Topical term or geographic name entry element REGULATORY REFORM (BUSINESS TENANCIES) (ENGLAND AND WALES) ORDER 2003
650 ## - SUBJECT ADDED ENTRY--TOPICAL TERM
Topical term or geographic name entry element TENANCY RENEWAL
650 ## - SUBJECT ADDED ENTRY--TOPICAL TERM
Topical term or geographic name entry element TERMINATION OF TENANCIES
690 ## - LOCAL SUBJECT ADDED ENTRY--TOPICAL TERM (OCLC, RLIN)
Topical term or geographic name as entry element LANDLORD AND TENANT-BUSINESS TENANCIES
856 ## - ELECTRONIC LOCATION AND ACCESS
Uniform Resource Identifier <a href="https://www.communities.gov.uk/documents/regeneration/pdf/131176.pdf">https://www.communities.gov.uk/documents/regeneration/pdf/131176.pdf</a>
Public note View the guidance at www.communities.gov.uk
942 ## - ADDED ENTRY ELEMENTS (KOHA)
Suppress in OPAC 0
Holdings
Withdrawn status Lost status Source of classification or shelving scheme Damaged status Not for loan Home library Current library Shelving location Date acquired Total Checkouts Full call number Barcode Date last seen Copy number Price effective from Koha item type
    Dewey Decimal Classification     Virtual Virtual Online 22/04/2004   ONLINE PUBLICATION 125911-2001 06/08/2019 1 06/08/2019 Book